000 00430cam a22001097a 4500
008 180718b-- xxu||||| |||| 00| 0 eng d
082 _aG55x54 L
245 _aSubjects for which various ministries and departments of India are responsible
_cby Lok Sabha Secretariat
260 _aNew Delhi
_bLok Sabha Secretariat
_c--
500 _aLibrary has 1955, 1958-1959, 1962, 1964-1965, 1971, 1977, 1982
700 _aIndia. Lok Sabha Secretariat
999 _c397753
_d397753